贵州省县级行政区划 - Statistics

General Stats
  • This quiz has been taken 15 times
  • The average score is 38 of 88
Answer Stats
城市 区县 % Correct
贵阳市 花溪区
78%
贵阳市 白云区
78%
黔东南苗族侗族自治州 凯里市
78%
黔东南苗族侗族自治州 从江县
78%
黔南布依族苗族自治州 都匀市
78%
黔南布依族苗族自治州 贵定县
78%
黔西南布依族苗族自治州 普安县
78%
遵义市 赤水市
67%
遵义市 桐梓县
67%
铜仁市 玉屏侗族自治县
67%
黔东南苗族侗族自治州 榕江县
67%
黔南布依族苗族自治州 三都水族自治县
67%
黔西南布依族苗族自治州 兴义市
67%
贵阳市 观山湖区
56%
贵阳市 南明区
56%
贵阳市 云岩区
56%
贵阳市 乌当区
56%
贵阳市 清镇市
56%
贵阳市 开阳县
56%
贵阳市 息烽县
56%
贵阳市 修文县
56%
遵义市 红花岗区
56%
遵义市 仁怀市
56%
六盘水市 水城区
56%
六盘水市 六枝特区
56%
六盘水市 盘州市
56%
安顺市 平坝区
56%
安顺市 关岭布依族苗族自治县
56%
黔南布依族苗族自治州 荔波县
56%
黔南布依族苗族自治州 独山县
56%
遵义市 播州区
44%
遵义市 习水县
44%
安顺市 普定县
44%
毕节市 黔西市
44%
毕节市 纳雍县
44%
毕节市 织金县
44%
毕节市 大方县
44%
毕节市 威宁彝族回族苗族自治县
44%
黔东南苗族侗族自治州 黄平县
44%
黔东南苗族侗族自治州 麻江县
44%
黔南布依族苗族自治州 龙里县
44%
黔西南布依族苗族自治州 兴仁市
44%
遵义市 汇川区
33%
遵义市 绥阳县
33%
遵义市 凤冈县
33%
遵义市 湄潭县
33%
遵义市 余庆县
33%
遵义市 务川仡佬族苗族自治县
33%
六盘水市 钟山区
33%
安顺市 西秀区
33%
安顺市 紫云苗族布依族自治县
33%
毕节市 七星关区
33%
毕节市 赫章县
33%
毕节市 金沙县
33%
铜仁市 碧江区
33%
铜仁市 万山区
33%
铜仁市 江口县
33%
铜仁市 石阡县
33%
铜仁市 思南县
33%
铜仁市 德江县
33%
铜仁市 松桃苗族自治县
33%
黔东南苗族侗族自治州 三穗县
33%
黔东南苗族侗族自治州 锦屏县
33%
黔东南苗族侗族自治州 黎平县
33%
黔东南苗族侗族自治州 雷山县
33%
黔东南苗族侗族自治州 丹寨县
33%
黔南布依族苗族自治州 福泉市
33%
黔南布依族苗族自治州 瓮安县
33%
黔南布依族苗族自治州 平塘县
33%
黔南布依族苗族自治州 罗甸县
33%
黔南布依族苗族自治州 长顺县
33%
黔西南布依族苗族自治州 晴隆县
33%
黔西南布依族苗族自治州 贞丰县
33%
黔西南布依族苗族自治州 望谟县
33%
黔西南布依族苗族自治州 册亨县
33%
黔西南布依族苗族自治州 安龙县
33%
遵义市 正安县
22%
遵义市 道真仡佬族苗族自治县
22%
安顺市 镇宁布依族苗族自治县
22%
铜仁市 印江土家族苗族自治县
22%
铜仁市 沿河土家族自治县
22%
黔东南苗族侗族自治州 镇远县
22%
黔东南苗族侗族自治州 施秉县
22%
黔东南苗族侗族自治州 岑巩县
22%
黔东南苗族侗族自治州 剑河县
22%
黔东南苗族侗族自治州 台江县
22%
黔南布依族苗族自治州 惠水县
22%
黔东南苗族侗族自治州 天柱县
11%
No matching quizzes found
Score Distribution
Percent of People with Each Score
Percentile by Number Answered
Your Score History
You have not taken this quiz